| 000 | 00602nam a2200205Ia 4500 | ||
|---|---|---|---|
| 003 | GCL | ||
| 005 | 20240530103645.0 | ||
| 008 | 140319s9999 xx 000 0 ara d | ||
| 040 |
_aGCL / _cGCL |
||
| 082 | 0 | 4 |
_a370.11 _bس ت |
| 100 | 1 | _aسلفان ، هوارد | |
| 245 | 1 | 0 |
_aالتدريس من اجل الكفاية / _cهوارد سلفان ، نورمان هجنز |
| 300 | _a146 ص | ||
| 650 | 0 | 4 | _aالتربية |
| 650 | 0 | 4 | _aالتربة |
| 650 | 0 | 4 | _aالتدريس - طرق |
| 650 | 0 | 4 | _aالتربية والتعليم |
| 700 | 1 | _aمحمد عيد (مترجم) | |
| 942 |
_2ddc _cBK |
||
| 999 |
_c41444 _d41444 |
||